[Event "7th European Individual Championship: Women"]
[Site "Kusadasi TUR"]
[Date "2006.04.09"]
[EventDate "2006.04.04"]
[Round "6"]
[Result "1/2-1/2"]
[White "Antoaneta Stefanova"]
[Black "Emilia Djingarova"]
[WhiteElo "2499"]
[BlackElo "2346"]
[PlyCount "114"]

1. Nf3 Nf6 2. g3 b5 3. d4 Bb7 4. Bg2 e6 5. Qd3 a6 6. Nbd2 d5
7. c3 Nbd7 8. O-O Be7 9. a4 c6 10. e4 O-O 11. e5 Ne8 12. Re1
c5 13. h4 cxd4 14. cxd4 bxa4 15. Rxa4 Qb6 16. Ng5 g6 17. Nf1
Bc6 18. Ra1 Bb5 19. Qd1 Ng7 20. Bh3 Rac8 21. Nh2 h5 22. Ngf3
Bb4 23. Bd2 Be7 24. Bc3 Nb8 25. Qd2 Nc6 26. Qh6 Bd3 27. Rad1
Bc2 28. Rd2 Be4 29. Ng5 Bxg5 30. Qxg5 Qd8 31. Qxd8 Rfxd8
32. f3 Bf5 33. Bg2 Ne8 34. g4 hxg4 35. fxg4 Be4 36. Bxe4 dxe4
37. Nf1 Nc7 38. Ng3 Nb5 39. Rxe4 Rd5 40. Kf2 a5 41. Ne2 Rcd8
42. Ke3 a4 43. Rc2 R5d7 44. Rc1 Ne7 45. Kd3 Nd5 46. h5 Kg7
47. Rh1 g5 48. h6+ Kh7 49. Bd2 f5 50. exf6 Nxf6 51. Rxe6 Nxd4
52. Rxf6 Nxe2+ 53. Kxe2 Rxd2+ 54. Ke3 R8d3+ 55. Ke4 Rd4+
56. Ke5 Rd5+ 57. Ke4 R2d4+ 1/2-1/2

[Event "7th European Individual Championship: Women"]
[Site "Kusadasi TUR"]
[Date "2006.04.10"]
[EventDate "2006.04.04"]
[Round "7"]
[Result "0-1"]
[White "Nataliya Hryhorenko"]
[Black "Antoaneta Stefanova"]
[WhiteElo "2323"]
[BlackElo "2499"]
[PlyCount "104"]

1. d4 d5 2. Nf3 Nf6 3. g3 c6 4. Bg2 Bf5 5. O-O e6 6. c4 Nbd7
7. Nc3 Be7 8. b3 h6 9. Bb2 O-O 10. Ne5 Qc7 11. Rc1 Rad8
12. Nd3 Qb8 13. e3 Rfe8 14. Qe2 Ne4 15. Rfd1 Bf6 16. Nxe4 dxe4
17. Nf4 e5 18. Nh5 Be7 19. g4 Bg6 20. Ng3 exd4 21. Bxd4 Nc5
22. Bxc5 Bxc5 23. Rxd8 Qxd8 24. Rd1 Qc8 25. h3 Qe6 26. Qc2 a5
27. Ne2 Qe5 28. Nf4 Bh7 29. Qd2 Bb6 30. Qd7 Qb8 31. Qd2 Bc7
32. Ne2 f5 33. Nd4 f4 34. exf4 Bxf4 35. Qe2 e3 36. Kh1 exf2
37. Qxf2 Be3 38. Qf1 Qe5 39. Nf3 Qb2 40. Rd7 Be4 41. Nh4 Rf8
42. Qd1 Bc2 43. Qe1 Bf2 44. Qe6+ Kh8 45. Nf3 Qa1+ 46. Kh2 Rxf3
47. Rd8+ Kh7 48. Qg8+ Kg6 49. Qe8+ Rf7 50. Rd6+ Kg5 51. Bf1
Qxf1 52. Qe5+ Bf5 0-1

[Event "7th European Individual Championship: Women"]
[Site "Kusadasi TUR"]
[Date "2006.04.12"]
[EventDate "2006.04.04"]
[Round "8"]
[Result "1/2-1/2"]
[White "Tatiana Shadrina"]
[Black "Antoaneta Stefanova"]
[WhiteElo "2377"]
[BlackElo "2499"]
[PlyCount "61"]

1. e4 e5 2. Nf3 Nc6 3. d4 exd4 4. Nxd4 Bc5 5. Nb3 Bb6 6. Nc3
d6 7. a4 a6 8. Nd5 Ba7 9. Qf3 Ne5 10. Qg3 Ng4 11. Qc3 Nxf2
12. Qxg7 Qh4 13. Bf4 Nxe4+ 14. g3 Bf2+ 15. Kd1 Qg4+ 16. Qxg4
Bxg4+ 17. Be2 Bxe2+ 18. Kxe2 Kd7 19. Rhf1 Ba7 20. Be3 Bxe3
21. Kxe3 Ng5 22. h4 Re8+ 23. Kd3 Ne6 24. Rxf7+ Kd8 25. Nd4 Nh6
26. Nxe6+ Rxe6 27. Rg7 Nf5 28. Rf7 Nh6 29. Rg7 Nf5 30. Rf7 Nh6
31. Rg7 1/2-1/2

[Event "7th European Individual Championship: Women"]
[Site "Kusadasi TUR"]
[Date "2006.04.13"]
[EventDate "2006.04.04"]
[Round "9"]
[Result "1-0"]
[White "Antoaneta Stefanova"]
[Black "Joanna Dworakowska"]
[WhiteElo "2499"]
[BlackElo "2370"]
[PlyCount "97"]

1. d4 Nf6 2. Nf3 g6 3. g3 Bg7 4. Bg2 O-O 5. c4 d6 6. O-O Nbd7
7. Nc3 e5 8. e4 a6 9. h3 b5 10. dxe5 dxe5 11. Qc2 c6 12. Be3
Qe7 13. a3 Bb7 14. Rfd1 Rfd8 15. b4 Rac8 16. c5 a5 17. Rd2 Ra8
18. Rad1 axb4 19. axb4 Ra3 20. Bg5 h6 21. Bxf6 Bxf6 22. Nxb5
cxb5 23. c6 Bc8 24. cxd7 Bb7 25. Ne1 Qxb4 26. Qc7 Bg5 27. h4
Rc3 28. Qb6 Rc6 29. Qxb7 Bxd2 30. Qxc6 Bxe1 31. Qf6 Qa5
32. Rc1 Bxf2+ 33. Qxf2 Rxd7 34. Qf6 Rd8 35. Qxe5 Qb6+ 36. Qc5
Qe6 37. Qxb5 Rd2 38. Qb8+ Kh7 39. Qf4 Qa2 40. Qf3 Qa7+ 41. Kh1
Rf2 42. Qc3 Qa6 43. Qd4 Rf6 44. e5 Rf5 45. g4 Qa3 46. Rc3 Qa1+
47. Kh2 Rf1 48. Bxf1 Qxf1 49. Rc2 1-0

[Event "7th European Individual Championship: Women"]
[Site "Kusadasi TUR"]
[Date "2006.04.14"]
[EventDate "2006.04.04"]
[Round "10"]
[Result "1/2-1/2"]
[White "Ilaha Kadimova"]
[Black "Antoaneta Stefanova"]
[WhiteElo "2310"]
[BlackElo "2499"]
[PlyCount "199"]

1. d4 d5 2. c4 c6 3. Nf3 Nf6 4. Qb3 e6 5. g3 b6 6. Bg2 Ba6
7. Nbd2 Nbd7 8. O-O Be7 9. Re1 O-O 10. e4 Nxe4 11. Nxe4 Bxc4
12. Qc2 dxe4 13. Qxc4 exf3 14. Bxf3 Rc8 15. Qa4 b5 16. Qxa7
Bb4 17. Rd1 Rc7 18. Qa6 Nb8 19. Qb6 Qd7 20. d5 cxd5 21. Bf4
Rc2 22. Rac1 Bc5 23. Qa5 Bxf2+ 24. Kf1 Rxc1 25. Bxc1 Bc5
26. Be2 Qe7 27. Qxb5 Nd7 28. Kg2 Rb8 29. Qa4 Bd6 30. a3 Nc5
31. Qc2 Nb3 32. Be3 Qb7 33. Bf3 Rc8 34. Qe2 Qc6 35. Kg1 Bc5
36. Bf2 Bxf2+ 37. Qxf2 Qc2 38. Re1 g6 39. Bd1 Qxf2+ 40. Kxf2
Nd2 41. b4 Ne4+ 42. Kf1 Nc3 43. Bb3 Rb8 44. Kf2 d4 45. Bc4 Rb7
46. Re5 Kf8 47. Ra5 Ke7 48. Ke1 Rc7 49. Bd3 f5 50. Kd2 Nd5
51. b5 e5 52. b6 Nxb6 53. Rxe5+ Kd6 54. Rb5 Kc6 55. Rb4 Ra7
56. a4 Ra5 57. Rxd4 Kc5 58. Rh4 Rxa4 59. Rxh7 Nd5 60. Rh8 Ra2+
61. Ke1 Kd4 62. Be2 Nc3 63. Rd8+ Ke5 64. Re8+ Kf6 65. Re3 Ra1+
66. Kf2 Ne4+ 67. Kg2 Ra2 68. Kf1 Ra1+ 69. Kg2 Re1 70. Kf3 Rg1
71. Bd3 Ng5+ 72. Kf2 Nh3+ 73. Kf3 g5 74. Re8 g4+ 75. Ke2 Rg2+
76. Ke1 Rf2 77. Re2 Rf3 78. Bc4 Rc3 79. Bd5 Rc1+ 80. Kd2 Rb1
81. Bg2 Kg5 82. Bxh3 gxh3 83. Ke3 Kg4 84. Rf2 Rb3+ 85. Ke2 Kg5
86. Kf1 Rb1+ 87. Ke2 Rb4 88. Ke3 Rb3+ 89. Ke2 Ra3 90. Kf1 Ra4
91. Re2 Kg4 92. Rf2 Ra1+ 93. Ke2 Rh1 94. Ke3 Re1+ 95. Re2 Rg1
96. Rf2 Rh1 97. Ke2 Kg5 98. Ke3 Ra1 99. Ke2 Rh1 100. Ke3
1/2-1/2

[Event "7th European Individual Championship: Women"]
[Site "Kusadasi TUR"]
[Date "2006.04.15"]
[EventDate "2006.04.04"]
[Round "11"]
[Result "1-0"]
[White "Antoaneta Stefanova"]
[Black "Irina Slavina Turova"]
[WhiteElo "2499"]
[BlackElo "2379"]
[PlyCount "97"]

1. Nf3 Nf6 2. g3 e6 3. Bg2 c5 4. c4 Nc6 5. O-O Be7 6. d4 cxd4
7. Nxd4 O-O 8. Nc3 Ne5 9. b3 d6 10. Bb2 a6 11. h3 Qc7 12. Rc1
Bd7 13. f4 Ng6 14. e4 Rac8 15. Kh1 Qb8 16. Qe2 Rfe8 17. Rce1
e5 18. Nf5 exf4 19. Nxe7+ Rxe7 20. gxf4 Bc6 21. Qf2 Rce8
22. f5 Ne5 23. Re3 Nfd7 24. Rd1 f6 25. Ba3 Nf7 26. Red3 Nc5
27. Bxc5 dxc5 28. Qxc5 Ng5 29. Qxe7 Rxe7 30. Rd8+ Qxd8
31. Rxd8+ Kf7 32. Rd4 Ke8 33. c5 a5 34. a3 Rd7 35. Nd5 Kd8
36. Kg1 g6 37. h4 Nf7 38. fxg6 hxg6 39. Kf2 Ne5 40. Ke3 f5
41. Kf4 Ng4 42. e5 Ke8 43. e6 Rh7 44. Kg5 Rh5+ 45. Kxg6 Rxh4
46. Nc7+ Ke7 47. Kg5 Rh7 48. Bxc6 Rg7+ 49. Kf4 1-0

[Event "Russian Club Championship: Women"]
[Site "Sochi RUS"]
[Date "2006.04.20"]
[EventDate "2006.04.20"]
[Round "1"]
[Result "1-0"]
[White "Antoaneta Stefanova"]
[Black "Elisabeth Paehtz"]
[WhiteElo "2502"]
[BlackElo "2438"]
[PlyCount "55"]

1. d4 Nf6 2. Bg5 d5 3. Nd2 e6 4. e3 c5 5. c3 Nbd7 6. f4 Qc7
7. Bd3 b6 8. Ngf3 Bb7 9. Ne5 a6 10. Qf3 Bd6 11. O-O a5 12. Qh3
Ba6 13. c4 dxc4 14. Ndxc4 cxd4 15. exd4 b5 16. Nxd7 Nxd7
17. Ne5 Qb6 18. Kh1 Nf6 19. Bg6 Bxe5 20. fxe5 fxg6 21. exf6
O-O 22. f7+ Kh8 23. Rf4 h5 24. Be7 Qc7 25. Qh4 Bb7 26. Re1 Qc6
27. Qg5 Kh7 28. h3 1-0

[Event "Russian Club Championship: Women"]
[Site "Sochi RUS"]
[Date "2006.04.23"]
[EventDate "2006.04.20"]
[Round "4"]
[Result "1-0"]
[White "Antoaneta Stefanova"]
[Black "Irina Semenova"]
[WhiteElo "2502"]
[BlackElo "2240"]
[PlyCount "95"]

1. d4 Nf6 2. Bg5 Ne4 3. Bf4 d6 4. Nd2 Nf6 5. e4 c5 6. dxc5
dxc5 7. e5 Nd5 8. Bg3 h5 9. Ngf3 Bf5 10. c3 Nd7 11. h3 e6
12. Nh4 Be7 13. Nxf5 exf5 14. Nc4 N7b6 15. Qf3 h4 16. Bh2 Qc8
17. Nd6+ Bxd6 18. Bb5+ Kf8 19. exd6 Qe6+ 20. Kd1 f4 21. Kc2
Qxd6 22. Rad1 g5 23. Rd2 Qe6 24. Re2 Qf6 25. Rhe1 Rd8 26. Re5
a6 27. Bf1 Kg7 28. Kc1 Rd6 29. Qg4 Kh6 30. Rf5 Qg6 31. Bd3 Nf6
32. Rxg5 Qxg5 33. Qxg5+ Kxg5 34. Re5+ Kh6 35. Bxf4+ Kg7
36. Rg5+ Kf8 37. Bxd6+ Ke8 38. Bxc5 Nbd7 39. Bd6 Rh6 40. Rg7
Nb6 41. Bf4 Rh5 42. Rg5 Rh8 43. Re5+ Kf8 44. Rf5 Nbd7 45. Be2
Ke7 46. Bf3 b6 47. Bg5 Ke6 48. Rf4 1-0

[Event "Russian Club Championship: Women"]
[Site "Sochi RUS"]
[Date "2006.04.25"]
[EventDate "2006.04.20"]
[Round "6"]
[Result "1/2-1/2"]
[White "Antoaneta Stefanova"]
[Black "Batkhuyag Munguntuul"]
[WhiteElo "2502"]
[BlackElo "2378"]
[PlyCount "90"]

1. d4 Nf6 2. Bg5 Ne4 3. Bf4 d5 4. e3 c5 5. Bd3 cxd4 6. Bxe4
dxe4 7. Qxd4 Nc6 8. Qxd8+ Kxd8 9. Nc3 e5 10. O-O-O+ Bd7
11. Bg3 f5 12. f3 Bc5 13. Nd5 Kc8 14. fxe4 fxe4 15. Nh3 Be6
16. Kb1 Rd8 17. c4 Bxd5 18. cxd5 Nb4 19. Ng5 Bxe3 20. Nf7 Rxd5
21. Rxd5 Nxd5 22. Rd1 Bd4 23. Nxe5 Bxe5 24. Bxe5 Nf6 25. Rd6
e3 26. Bxf6 gxf6 27. Kc2 Kc7 28. Re6 Rg8 29. g3 h5 30. Kc3 h4
31. gxh4 Rg4 32. Rxe3 Rxh4 33. Re7+ Kc6 34. Re6+ Kd5 35. Rxf6
Rxh2 36. Rf7 Rh3+ 37. Kb4 Rh2 38. b3 Rxa2 39. Rxb7 Kc6 40. Rg7
Kb6 41. Rg6+ Kb7 42. Kb5 Rh2 43. Rg7+ Kb8 44. b4 Rh6 45. Ka5
Rc6 1/2-1/2

[Event "Russian Club Championship: Women"]
[Site "Sochi RUS"]
[Date "2006.04.26"]
[EventDate "2006.04.20"]
[Round "7"]
[Result "0-1"]
[White "Viktorija Cmilyte"]
[Black "Antoaneta Stefanova"]
[WhiteElo "2470"]
[BlackElo "2502"]
[PlyCount "96"]

1. d4 d5 2. c4 c6 3. Nc3 Nf6 4. Nf3 a6 5. c5 Nbd7 6. Bf4 Nh5
7. Bd2 Nhf6 8. Bf4 Nh5 9. Bd2 Nhf6 10. Qc2 e5 11. dxe5 Ng4
12. Na4 Qe7 13. Rc1 Ngxe5 14. Nxe5 Qxe5 15. g3 Be7 16. Bg2 O-O
17. Bf4 Qh5 18. h3 Bg5 19. Bf3 Qh6 20. Qd2 Bxf4 21. Qxf4 g5
22. Qe3 Qg7 23. O-O f5 24. Qc3 Ne5 25. Nb6 Rb8 26. Bg2 f4
27. Nxc8 Rbxc8 28. Rfe1 Rce8 29. Rcd1 Nc4 30. Qxg7+ Kxg7
31. b3 fxg3 32. fxg3 Ne3 33. Rd2 h5 34. Rc1 g4 35. hxg4 hxg4
36. a4 Re5 37. Rd4 Kh6 38. Rf4 Rxf4 39. gxf4 Rf5 40. Rc3 Nxg2
41. Kxg2 Rxf4 42. Kg3 Kg5 43. Rd3 Kf5 44. Rc3 Ke5 45. e3 Rf3+
46. Kxg4 Ke4 47. Rc1 Rxe3 48. b4 Rb3 0-1

[Event "Russian Club Championship: Women"]
[Site "Sochi RUS"]
[Date "2006.04.29"]
[EventDate "2006.04.20"]
[Round "10"]
[Result "1-0"]
[White "Antoaneta Stefanova"]
[Black "Almira Skripchenko"]
[WhiteElo "2502"]
[BlackElo "2423"]
[PlyCount "89"]

1. d4 g6 2. e4 Bg7 3. Nc3 d6 4. f4 c5 5. d5 Nf6 6. Bb5+ Nfd7
7. Be2 Na6 8. Nf3 Nc7 9. a4 O-O 10. O-O a6 11. Nd2 b6 12. Nc4
Bb7 13. Qe1 Rb8 14. Bf3 b5 15. axb5 axb5 16. Na5 Ba8 17. Be3
b4 18. Nd1 Nb6 19. c3 bxc3 20. bxc3 Qd7 21. Ra2 e6 22. c4 f5
23. dxe6 Nxe6 24. exf5 gxf5 25. Nc3 Nd4 26. Bh5 d5 27. cxd5
Nxd5 28. Bd2 Nb4 29. Ra4 Rbd8 30. Qg3 Kh8 31. Qh3 Nb5 32. Nb3
Rg8 33. Nxb5 Bxg2 34. Qxg2 Qxb5 35. Ra5 Bd4+ 36. Kh1 Qb6
37. Qf3 Nc6 38. Nxd4 Nxd4 39. Bc3 Rg7 40. Bxd4 Rxd4 41. Ra8+
Rd8 42. Re1 Rgg8 43. Qc3+ Rd4 44. Rxg8+ Kxg8 45. Qg3+ 1-0

[Event "37th Chess Olympiad: Women"]
[Site "Turin ITA"]
[Date "2006.05.22"]
[EventDate "2006.05.21"]
[Round "2"]
[Result "1-0"]
[White "Antoaneta Stefanova"]
[Black "Atousa Pourkashiyan"]
[WhiteElo "2502"]
[BlackElo "2311"]
[PlyCount "121"]

1. Nf3 d5 2. g3 Nf6 3. Bg2 c6 4. O-O Bf5 5. d3 e6 6. Nbd2 Be7
7. b3 h6 8. Bb2 O-O 9. c4 a5 10. a3 Nbd7 11. Ra2 Bh7 12. Qa1
b5 13. Ne5 Nxe5 14. Bxe5 Re8 15. Rc1 Bf8 16. cxb5 cxb5
17. Rac2 Nd7 18. Bb2 f6 19. Nf3 e5 20. Nh4 e4 21. dxe4 dxe4
22. Rd2 Ra7 23. Bh3 Qe7 24. Bd4 Rb7 25. a4 Ne5 26. Nf5 Qf7
27. Bxe5 Rxe5 28. Nd6 Bxd6 29. Rxd6 Bf5 30. Bxf5 Rxf5 31. Qc3
Rd5 32. Rxd5 Qxd5 33. Qxa5 Kh7 34. Qc3 bxa4 35. bxa4 Ra7
36. Qc4 Qe5 37. Rd1 Re7 38. Kg2 e3 39. f3 f5 40. Rd5 Qf6
41. Qd3 g6 42. Rd8 h5 43. Qd4 Qxd4 44. Rxd4 g5 45. a5 Ra7
46. Ra4 Ra6 47. f4 g4 48. h4 Kg6 49. Ra3 Kf6 50. Kf1 Kf7
51. Ke1 Ke6 52. Rxe3+ Kf6 53. Ra3 Ke6 54. Kd2 Kd6 55. Kc3 Kc5
56. Ra2 Kd5 57. Kb4 Ke4 58. Ra3 Ra8 59. Kc5 Rc8+ 60. Kb6 Rb8+
61. Kc7 1-0

[Event "37th Chess Olympiad: Women"]
[Site "Turin ITA"]
[Date "2006.05.23"]
[EventDate "2006.05.21"]
[Round "3"]
[Result "0-1"]
[White "Elena Boric"]
[Black "Antoaneta Stefanova"]
[WhiteElo "2284"]
[BlackElo "2502"]
[PlyCount "104"]

1. e4 e5 2. Nf3 Nc6 3. Nc3 Nf6 4. Bb5 Bb4 5. O-O O-O 6. d3 d6
7. Bg5 Bxc3 8. bxc3 Bd7 9. Re1 h6 10. Bh4 a6 11. Bc4 Na5
12. Bb3 Qe7 13. d4 Rad8 14. Qd3 Kh7 15. Re3 Rg8 16. Bxf6 Qxf6
17. dxe5 dxe5 18. Qd5 Nxb3 19. cxb3 Bc8 20. Qxe5 Qxe5 21. Nxe5
Rd2 22. Nc4 Rc2 23. Rd3 f5 24. exf5 Bxf5 25. Re3 Rd8 26. h3
Rd3 27. Rxd3 Bxd3 28. Ne5 Rxc3 29. Nxd3 Rxd3 30. Rc1 c6
31. Rc2 Rd1+ 32. Kh2 Kg6 33. Kg3 Kf5 34. Re2 Kf6 35. h4 h5
36. Kf3 c5 37. Rc2 b6 38. b4 cxb4 39. Rc6+ Ke7 40. Rxb6 a5
41. Rb5 Rd3+ 42. Ke4 Ra3 43. Rxh5 Rxa2 44. Rg5 Kf6 45. Rf5+
Ke6 46. Re5+ Kd6 47. Rg5 b3 48. Rxg7 Rxf2 49. Rb7 a4 50. h5 b2
51. h6 a3 52. h7 Rf8 0-1

[Event "37th Chess Olympiad: Women"]
[Site "Turin ITA"]
[Date "2006.05.25"]
[EventDate "2006.05.21"]
[Round "5"]
[Result "1/2-1/2"]
[White "Antoaneta Stefanova"]
[Black "Anna Zatonskih"]
[WhiteElo "2502"]
[BlackElo "2433"]
[PlyCount "76"]

1. d4 e6 2. c4 Nf6 3. g3 d5 4. Bg2 dxc4 5. Nf3 Nc6 6. O-O a6
7. Nc3 Rb8 8. e4 Be7 9. Bf4 O-O 10. Qe2 b5 11. Rfd1 Nb4
12. Ne1 Bb7 13. a3 Nd3 14. Nxd3 cxd3 15. Rxd3 Nd7 16. h4 Nb6
17. Rdd1 Bd6 18. Be3 Nc4 19. Bc1 Nb6 20. b4 Qe8 21. e5 Bxg2
22. Kxg2 Qc6+ 23. Ne4 Be7 24. Qf3 Qd5 25. Bg5 Rfe8 26. Kh2 h6
27. Bxe7 Rxe7 28. Nf6+ gxf6 29. Qg4+ Kh7 30. exf6 Rg8 31. fxe7
Rxg4 32. e8=Q Qf3 33. Rd2 Nc4 34. Rda2 Ne3 35. Rg1 Rxh4+
36. gxh4 Nf1+ 37. Rxf1 Qf4+ 38. Kg1 Qg4+ 1/2-1/2

[Event "37th Chess Olympiad: Women"]
[Site "Turin ITA"]
[Date "2006.05.27"]
[EventDate "2006.05.21"]
[Round "6"]
[Result "1/2-1/2"]
[White "Dana Aketayeva"]
[Black "Antoaneta Stefanova"]
[WhiteElo "2328"]
[BlackElo "2502"]
[PlyCount "52"]

1. e4 e5 2. Nf3 Nc6 3. Bb5 a6 4. Ba4 Nf6 5. O-O Bc5 6. c3 b5
7. Bb3 d6 8. d4 Bb6 9. dxe5 Nxe5 10. Nxe5 dxe5 11. Qxd8+ Kxd8
12. Bxf7 Rf8 13. Bd5 Nxd5 14. exd5 Bb7 15. Bg5+ Kd7 16. Nd2
Bxd5 17. Rae1 Rf5 18. Be3 Bxe3 19. Rxe3 a5 20. a3 c5 21. Rfe1
Kd6 22. f3 Re8 23. Kf2 c4 24. Rd1 Kc6 25. Ne4 h6 26. Re2 Bxe4
1/2-1/2

[Event "37th Chess Olympiad: Women"]
[Site "Turin ITA"]
[Date "2006.05.28"]
[EventDate "2006.05.21"]
[Round "7"]
[Result "1/2-1/2"]
[White "Antoaneta Stefanova"]
[Black "Zhao Xue"]
[WhiteElo "2502"]
[BlackElo "2423"]
[PlyCount "169"]

1. c4 e6 2. g3 Nf6 3. Bg2 d5 4. Nf3 Be7 5. b3 O-O 6. Bb2 c5
7. cxd5 Nxd5 8. d4 cxd4 9. O-O Nc6 10. Nxd4 Bd7 11. e4 Nf6
12. Nc2 Nb4 13. Nxb4 Bxb4 14. e5 Nd5 15. Bxd5 exd5 16. Qxd5
Bh3 17. Qxd8 Rfxd8 18. Rc1 Rd5 19. a3 Ba5 20. Nc3 Rxe5 21. b4
Bd8 22. Na4 Re2 23. Re1 Rxe1+ 24. Rxe1 Kf8 25. Bd4 b6 26. Nc3
Rc8 27. f3 Be6 28. Kf2 h5 29. h4 Be7 30. Ne4 Rc4 31. Ke3 Rc2
32. Re2 Rxe2+ 33. Kxe2 f6 34. Ke3 Ke8 35. Kd3 Kd7 36. Kc3 Kc6
37. a4 a6 38. Nf2 Bd5 39. f4 Bf3 40. Nd3 Bd8 41. Ne1 Bd1
42. Nc2 Bg4 43. Ne3 Be6 44. Nc4 Bd7 45. Ne3 Bc8 46. Nc4 Bf5
47. b5+ axb5 48. axb5+ Kd5 49. Bxb6 Bxb6 50. Nxb6+ Kc5 51. Nc4
Be6 52. b6 Bc8 53. Kb3 Bb7 54. Ne3 Be4 55. Nf5 g6 56. Ne7 Kxb6
57. Kc4 Kc7 58. Ng8 Kd6 59. Nxf6 Bc6 60. Kd4 Ke6 61. Nh7 Kf5
62. Ke3 Kg4 63. Kf2 Kf5 64. Ng5 Bd5 65. Nf3 Bxf3 66. Kxf3 Kf6
67. g4 hxg4+ 68. Kxg4 Kf7 69. Kg5 Kg7 70. Kg4 Kf6 71. Kg3 Ke6
72. Kf2 Kf5 73. Kf3 Kf6 74. Kg4 Kf7 75. Kg5 Kg7 76. h5 gxh5
77. f5 h4 78. Kxh4 Kf6 79. Kg4 Kf7 80. Kg5 Kg7 81. f6+ Kf7
82. Kf5 Kf8 83. Ke6 Ke8 84. f7+ Kf8 85. Kf6 1/2-1/2

[Event "37th Chess Olympiad: Women"]
[Site "Turin ITA"]
[Date "2006.05.30"]
[EventDate "2006.05.21"]
[Round "9"]
[Result "1-0"]
[White "Antoaneta Stefanova"]
[Black "Thi Thanh An Nguyen"]
[WhiteElo "2502"]
[BlackElo "2317"]
[PlyCount "43"]

1. d4 c5 2. d5 e5 3. e4 d6 4. f4 exf4 5. Bxf4 Ne7 6. Bb5+ Bd7
7. Bxd7+ Nxd7 8. Bxd6 Nf6 9. e5 Nfxd5 10. Qf3 Nb4 11. Na3 Ng6
12. Nb5 Qh4+ 13. g3 Nxc2+ 14. Kf2 Qb4 15. Qxb7 Bxd6 16. Nxd6+
Kd8 17. Qxa8+ Kc7 18. Qxa7+ Kc6 19. Qa6+ Kd7 20. Rd1 Rb8
21. Nb5+ Nd4 22. Qd6+ 1-0

[Event "37th Chess Olympiad: Women"]
[Site "Turin ITA"]
[Date "2006.05.31"]
[EventDate "2006.05.21"]
[Round "10"]
[Result "0-1"]
[White "Alexandra Kosteniuk"]
[Black "Antoaneta Stefanova"]
[WhiteElo "2540"]
[BlackElo "2502"]
[PlyCount "54"]

1. e4 e5 2. Nf3 Nc6 3. Bb5 a6 4. Ba4 Nf6 5. O-O Bc5 6. c3 b5
7. Bb3 d6 8. d4 Bb6 9. a4 Bb7 10. Re1 O-O 11. Bg5 h6 12. Bh4
Re8 13. d5 Na5 14. Ba2 c6 15. Nbd2 g5 16. Nxg5 hxg5 17. Bxg5
Kg7 18. b4 Nc4 19. Bxc4 bxc4 20. Nxc4 cxd5 21. exd5 Ba7
22. Qf3 Bxd5 23. Bxf6+ Qxf6 24. Qxd5 Bxf2+ 25. Kh1 Rh8 26. h3
Qf5 27. Rg1 Bg3 0-1

[Event "37th Chess Olympiad: Women"]
[Site "Turin ITA"]
[Date "2006.06.02"]
[EventDate "2006.05.21"]
[Round "11"]
[Result "1/2-1/2"]
[White "Antoaneta Stefanova"]
[Black "Natalia Zhukova"]
[WhiteElo "2502"]
[BlackElo "2425"]
[PlyCount "38"]

1. c4 e6 2. g3 d5 3. Bg2 Nf6 4. Nf3 dxc4 5. Qa4+ c6 6. Qxc4 b5
7. Qc2 Bb7 8. a4 a6 9. Nc3 Nbd7 10. O-O Be7 11. d4 Rc8 12. Bg5
b4 13. Bxf6 gxf6 14. Ne4 c5 15. Nxc5 Nxc5 16. dxc5 Bxc5
17. Qd2 Bxf3 18. Qxd8+ Kxd8 19. Bxf3 a5 1/2-1/2

[Event "Acropolis Tournament"]
[Site "Athens GRE"]
[Date "2006.08.13"]
[EventDate "2006.08.13"]
[Round "1"]
[Result "0-1"]
[White "Vasileios Sarantos"]
[Black "Antoaneta Stefanova"]
[WhiteElo "2278"]
[BlackElo "2520"]
[PlyCount "80"]

1. d4 d5 2. c4 c6 3. cxd5 cxd5 4. Nc3 Nf6 5. Nf3 Nc6 6. Bf4 a6
7. e3 Bg4 8. h3 Bxf3 9. Qxf3 Qb6 10. Rb1 Qa5 11. Bd3 Nb4
12. Be2 Nc2+ 13. Kf1 e6 14. Rc1 Nb4 15. a3 Nc6 16. g4 Rc8
17. Kg2 Be7 18. Bd3 Nd7 19. Qg3 Qd8 20. Bd6 O-O 21. Bxe7 Qxe7
22. Na4 b5 23. Nc5 Nce5 24. Bb1 Nxc5 25. Qxe5 Na4 26. b4 Nb2
27. Qh5 g6 28. Qh6 Rxc1 29. Rxc1 Nc4 30. Rc3 e5 31. dxe5 Qxe5
32. Rd3 Qb2 33. Rd1 Re8 34. Kg3 Qb3 35. Re1 Nxa3 36. Bf5 d4
37. Bd7 Rd8 38. Rc1 Nc4 39. Bc6 Qxb4 40. Qg5 Qd6+ 0-1

[Event "Acropolis Tournament"]
[Site "Athens GRE"]
[Date "2006.08.14"]
[EventDate "2006.08.13"]
[Round "2"]
[Result "1-0"]
[White "Antoaneta Stefanova"]
[Black "Mert Erdogdu"]
[WhiteElo "2520"]
[BlackElo "2386"]
[PlyCount "75"]

1. d4 Nf6 2. Bg5 Ne4 3. Bf4 c5 4. f3 Qa5+ 5. c3 Nf6 6. d5 Qb6
7. b3 e6 8. e4 exd5 9. exd5 Bd6 10. Bg5 Be7 11. Na3 d6 12. Nc4
Qc7 13. a4 O-O 14. Ne2 Re8 15. Qd2 b6 16. Kf2 Bb7 17. Ng3 Nbd7
18. Nf5 Bxd5 19. Qf4 Bxc4 20. Bxc4 Ne5 21. Rhe1 Bd8 22. Rad1
d5 23. Bxd5 Nxd5 24. Rxd5 Bxg5 25. Qxg5 f6 26. Qd2 c4 27. bxc4
Qxc4 28. Re4 Qc7 29. Nd6 Re6 30. Qa2 Kf8 31. Nb5 Qe7 32. Kf1
Re8 33. Nd4 Qc7 34. Nxe6+ Rxe6 35. f4 Qxc3 36. fxe5 fxe5
37. Rd8+ Ke7 38. Re8+ 1-0

[Event "Acropolis Tournament"]
[Site "Athens GRE"]
[Date "2006.08.15"]
[EventDate "2006.08.13"]
[Round "3"]
[Result "1/2-1/2"]
[White "Robert Zysk"]
[Black "Antoaneta Stefanova"]
[WhiteElo "2474"]
[BlackElo "2520"]
[PlyCount "83"]

1. Nf3 d5 2. c4 c6 3. e3 Nf6 4. Nc3 e6 5. b3 Nbd7 6. Bb2 Bd6
7. Qc2 O-O 8. Be2 a6 9. d4 Qe7 10. Rd1 Rd8 11. O-O c5 12. cxd5
exd5 13. Rfe1 b6 14. dxc5 Nxc5 15. g3 Bb7 16. Nd4 Be5 17. b4
Nce4 18. Nxe4 Nxe4 19. Qb3 b5 20. a4 bxa4 21. Qxa4 Re8 22. Rc1
Qd6 23. Bg4 Rad8 24. Rc2 Qg6 25. Bf5 Qh5 26. Bxe4 dxe4 27. Rc5
Qh3 28. b5 Bxd4 29. Bxd4 Re6 30. bxa6 Bxa6 31. Qa5 Red6
32. Rh5 Qe6 33. Re5 Qd7 34. Rg5 f6 35. Rc5 Bd3 36. Rc7 Qg4
37. Qa2+ Kh8 38. Rec1 R6d7 39. Qa7 h6 40. Rxd7 Qxd7 41. Qxd7
Rxd7 42. g4 1/2-1/2

[Event "Acropolis Tournament"]
[Site "Athens GRE"]
[Date "2006.08.18"]
[EventDate "2006.08.13"]
[Round "6"]
[Result "1-0"]
[White "Antoaneta Stefanova"]
[Black "Panagiotis Dagkakis"]
[WhiteElo "2520"]
[BlackElo "2267"]
[PlyCount "75"]

1. d4 Nf6 2. Bg5 c5 3. d5 Ne4 4. Bf4 e6 5. f3 Bd6 6. Bxd6 Nxd6
7. dxe6 dxe6 8. Nc3 O-O 9. e4 Nc6 10. Qd2 Qe7 11. O-O-O Rd8
12. Qe3 b6 13. g4 Bb7 14. h4 a6 15. Nh3 Nb5 16. Rxd8+ Qxd8
17. Na4 Nb4 18. a3 Nc6 19. h5 Nbd4 20. h6 g6 21. Ng5 Ne5
22. Qf4 Ndc6 23. Nxb6 Rb8 24. Nc4 f6 25. Nxe5 Nxe5 26. Nxe6
Qe7 27. Bc4 Rc8 28. Bd5 Bxd5 29. exd5 c4 30. g5 c3 31. b4 a5
32. gxf6 Qd6 33. Re1 Nf7 34. Qxd6 Nxd6 35. bxa5 Ra8 36. Ng5
Rxa5 37. Re7 Rxd5 38. f7+ 1-0

[Event "Acropolis Tournament"]
[Site "Athens GRE"]
[Date "2006.08.20"]
[EventDate "2006.08.13"]
[Round "8"]
[Result "1-0"]
[White "Antoaneta Stefanova"]
[Black "Athanasios Tsanas"]
[WhiteElo "2520"]
[BlackElo "2286"]
[PlyCount "61"]

1. d4 Nf6 2. c4 g6 3. g3 Bg7 4. Bg2 O-O 5. Nc3 d6 6. Nf3 Nbd7
7. O-O e5 8. h3 exd4 9. Nxd4 Nb6 10. Qd3 d5 11. cxd5 Nfxd5
12. Nxd5 Nxd5 13. Rd1 Nb6 14. a4 c5 15. Nb3 Qxd3 16. exd3 c4
17. Nc5 c3 18. bxc3 Bxc3 19. Rb1 Rd8 20. Bh6 Bd4 21. Nxb7 Bxb7
22. Bxb7 Rab8 23. Bc6 Rbc8 24. Rdc1 Rd6 25. Be4 Rxc1+ 26. Rxc1
f5 27. Bf4 Re6 28. Bf3 a5 29. Kf1 Re7 30. Bd2 Nxa4 31. Rc4 1-0

[Event "Acropolis Tournament"]
[Site "Athens GRE"]
[Date "2006.08.21"]
[EventDate "2006.08.13"]
[Round "9"]
[Result "0-1"]
[White "Frangiskos Sigalas"]
[Black "Antoaneta Stefanova"]
[WhiteElo "2199"]
[BlackElo "2520"]
[PlyCount "52"]

1. e4 e5 2. Nf3 Nc6 3. Bb5 a6 4. Bxc6 dxc6 5. O-O Qd6 6. Na3
Be6 7. Qe2 f6 8. Rd1 Bg4 9. d4 exd4 10. c3 O-O-O 11. Rxd4 Qe7
12. Rxd8+ Qxd8 13. Nc4 Qe8 14. Bf4 g5 15. Bg3 Bc5 16. b4 Ba7
17. Rd1 Qe6 18. e5 Nh6 19. h3 Bxf3 20. Qxf3 f5 21. Na5 f4
22. Bh2 Nf7 23. h4 h6 24. a4 Nxe5 25. Qe4 Bxf2+ 26. Kh1 Re8
0-1